000 00290nam a22001337a 4500
008 170619b xxu||||| |||| 00| 0 eng d
020 _a0865312877
041 _aeng
080 _a32
100 _a20
101 _aSHP
245 _aPOST-REVOLUTIONARY PERU
_cGORMAN,S.M
942 _2udc
_cBK
999 _c18137
_d18137